书目信息 |
| 题名: |
化工商品
|
|
| 作者: | 李慧君 编 | |
| 分册: | ||
| 出版信息: | 北京 冶金工业出版社 |
|
| 页数: | 862页 | |
| 开本: | 32开 | |
| 丛书名: | ||
| 单 册: | ||
| 中图分类: | TQ072 | |
| 科图分类: | ||
| 主题词: | 化工产品 , 化工产品:副产品 | |
| 电子资源: | ||
| ISBN: | 7-5024-1455-X | |
| 000 | 00556nam0 2200205 45 | |
| 001 | 0010231783 | |
| 005 | 20001023173213.3 | |
| 010 | @a7-5024-1455-X@d66.60元 | |
| 100 | @a20001023d km y0chiy0120 ea | |
| 101 | 0 | @achi |
| 105 | @a z 000yy | |
| 200 | 1 | @a化工商品@AHua Gong Shang Pin@f李慧君等编@FLi Hui Jun Deng Bian |
| 210 | @a北京@c冶金工业出版社 | |
| 215 | @a862页@d32开 | |
| 606 | 0 | @a化工产品 |
| 606 | 0 | @a化工产品:副产品 |
| 690 | @aTQ072@v3 | |
| 701 | 0 | @a李慧君@4编 |
| 801 | @aCN@bPftUser@c20001023 | |
| 905 | @b184448-457@dTQ072@eL346@f10 | |
| 化工商品/李慧君等编.-北京:冶金工业出版社 |
| 862页;32开 |
| ISBN 7-5024-1455-X:66.60元 |
| ● |
| 相关链接 |
|
|
|
正题名:化工商品
索取号:TQ072/L346
 
预约/预借
| 序号 | 登录号 | 条形码 | 馆藏地/架位号 | 状态 | 备注 |
| 1 | 184448 | 201844488 | 自科库501/501自科库 138排8列4层/ [索取号:TQ072/L346] | 在馆 | |
| 2 | 184449 | 201844497 | 材料与化工学院资料室/ [索取号:TQ072/L346] | 在馆 | |
| 3 | 184450 | 201844503 | 期刊室512/501自科库 138排8列4层/ [索取号:TQ072/L346] | 在馆 | |
| 4 | 184451 | 201844512 | 自科库501/501自科库 138排8列4层/ [索取号:TQ072/L346] | 在馆 | |
| 5 | 184452 | 201844521 | 自科二线504/504自科库 12排4列3层/ [索取号:TQ072/L346] | 在馆 | |
| 6 | 184453 | 201844530 | 自科库501/501自科库 138排8列4层/ [索取号:TQ072/L346] | 在馆 | |
| 7 | 184454 | 201844549 | 自科库501/501自科库 138排8列4层/ [索取号:TQ072/L346] | 在馆 | |
| 8 | 184455 | 201844558 | 期刊室512/501自科库 138排8列4层/ [索取号:TQ072/L346] | 在馆 | |
| 9 | 184456 | 201844567 | 材料与化工学院资料室/ [索取号:TQ072/L346] | 在馆 | |
| 10 | 184457 | 201844576 | 材料与化工学院资料室/ [索取号:TQ072/L346] | 在馆 |